Medzinárodná norma ISO 9002 Systémy zaistenia kvality - Model k výkladu zaistenia kvality vo výrobe a montáži

Medzinárodná norma 9002 ako jedna z troch noriem, ktoré sa zaoberajú systémami akosti, ktoré môžu byť použité pre externé zabezpečovania akosti. Predmet normy a oblasť použitia. Požiadavky na systém akosti.

Gespeichert in:
Bibliographische Detailangaben
Format: Buchkapitel
Sprache:Slowakisch
Schlagworte:
Tags: Tag hinzufügen
Keine Tags, Fügen Sie das erste Tag hinzu!

MARC

LEADER 00000naa a2200000 4500
001 r016646
005 20221213095519.0
041 0 |a slo 
044 |a SK 
245 1 0 |a Medzinárodná norma ISO 9002  |b Systémy zaistenia kvality - Model k výkladu zaistenia kvality vo výrobe a montáži 
520 |a Medzinárodná norma 9002 ako jedna z troch noriem, ktoré sa zaoberajú systémami akosti, ktoré môžu byť použité pre externé zabezpečovania akosti. Predmet normy a oblasť použitia. Požiadavky na systém akosti. 
610 2 0 |a normy medzinárodné 
610 2 0 |a ISO 9002 
610 2 0 |a kvalita